00341 a2200133 4500020001800000040001300018082001000031100001900041245006900060260003300129300001100162650001500173700001900188 a9789695731833 aDLCbDLC a910.4 aIrfan Siddique aMakkah madina: Haj o umra kay roh parvar tasoratcIrfan Siddique aLahorebJahangir booksc2011 a255 p. aSafar nama aIrfan Siddique